| 000 | 00423nam a22001577a 4500 | ||
|---|---|---|---|
| 003 | GBCCL | ||
| 005 | 20251201124346.0 | ||
| 008 | 180702b ||||| |||| 00| 0 eng d | ||
| 040 | _cGBC | ||
| 082 |
_aVER 220.5954 _bVAI 1 |
||
| 245 |
_aPathian Lehkhabu Thiangtho: _bThuthung lui leh a thak kigawm |
||
| 260 |
_aLondon: _bTrinitarian Bible Society, |
||
| 300 | _a1063p. | ||
| 650 |
_aBible _vVaiphei _912289 |
||
| 942 |
_2ddc _cREF |
||
| 999 |
_c6872 _d6872 |
||